| 000 | 00496nam a22001577a 4500 | ||
|---|---|---|---|
| 005 | 20251110100101.0 | ||
| 008 | 240318b |||||||| |||| 00| 0 eng d | ||
| 020 | _a978-0-06-1080630 | ||
| 050 | _b1 | ||
| 100 | _aMACOMBER DEBBIE, | ||
| 245 | _aMorning Comes Softly | ||
| 260 |
_aNEW YORK, _bAVON BOOKS AN IMPRINT OF HARPER COLLINS PUBLISHERS, _c1993, |
||
| 300 | _aViii, 374 P, ILL | ||
| 650 | _aBride price-Fiction, Librarians-Fiction, Courtship-Fiction, Orphans--Fiction | ||
| 942 |
_2lcc _cBK |
||
| 999 |
_c209547 _d209547 |
||